Famous people by picture #1 - Statistics

General Stats
  • This quiz has been taken 159 times
    142 since last reset
  • The average score is 16 of 20
Answer Stats
Picture Hint Answer % Correct
American President (1946-) Donald Trump
99%
American President (1961-) Barack Obama
98%
German Chancellor (1889-1945) Adolf Hitler
97%
American President (1942-) Joe Biden
97%
Argentinian Footballer (1987-) Lionel Messi
97%
Russian President (1952-) Vladimir Putin
97%
Portuguese Footballer (1985-) Cristiano Ronaldo
96%
British Monarch (1926-2022) Queen Elizabeth II
95%
British Prime Minister (1874-1965) Winston Churchill
91%
British Monarch (1948-) King Charles III
90%
Russian Dictator (1878-1953) Joseph Stalin
87%
British Monarch (1819-1901) Queen Victoria
85%
British Prime Minister (1964-) Boris Johnson
84%
American President (1882-1945) Franklin D. Roosevelt
69%
British Prime Minister (1956-) Theresa May
60%
British Prime Minister (1980-) Rishi Sunak
56%
American President (1884-1972) Harry Truman
49%
British Prime Minister (1975-) Liz Truss
49%
British Prime Minister (1966-) David Cameron
48%
British Prime Minister (1883-1967) Clement Attlee
26%
No matching quizzes found
Score Distribution
Percent of People with Each Score
Percentile by Number Answered
Your Score History
You have not taken this quiz since the last reset